000 00305nam a2200121Ia 4500
008 190723s9999 xx 000 0 und d
020 _a978-0-19-597994-7
100 _aS.M Salim uddin
245 0 _aOxford Urdu-English Dictionary
260 _aUK
_bOxford Uni Press
_c2013
300 _a1165.:p
942 _cBK
999 _c1720
_d1720